talimgâh'tan güzel sanatlar'a 1921-1923 (Record no. 10506)

MARC details
000 -BAŞLIK
Sabit Uzunlukta Kontrol Alanı 00882na a2200265 4500
001 - KONTROL NUMARASI
Denetim Alanı 24112
003 - KONTROL NUMARASI IDENTIFIER
Denetim Alanı MIRAKIL
005 - SON İŞLEM TARİHİ VE ZAMANI
Denetim Alanı 20181213155324.0
008 - SABİT-BOY VERİ ELEMANLARI - GENEL BİLGİLER
Sabit Uzunlukta Kontrol Alanı 180510b tu 000 0
020 ## - ULUSLARARASI STANDART KİTAP NUMARASI
Uluslararası Standart Kitap Numarası 9786052953419
040 ## - KATALOGLAMA KAYNAK
Orijinal Kataloglama Ajansı Milas
Kataloglama Dili tur
Metne Dönüştürmek Ajansı TR-AnCHP
041 ## - DİL KODU
Metin / Ses Parça Veya Ayrı Başlığın Dil Kodu tur
082 ## - DEWEY ONLU SINIFLANDIRMA NUMARASI
Sınıflandırma Numarası 759.9561
Ürün Numarası T64t 2018
090 ## - SINIFLAMA NUMARASI
Sınıflama Numarası 759.9561 T64t 2018
100 ## - ANA GİRİŞ - KİŞİSEL İSİM
Kişisel Ad Tollu, Mehmet Cemal
245 ## - BAŞLIK TABLOSU
Başlık talimgâh'tan güzel sanatlar'a 1921-1923
Sorumluluk Tablosu, Vb Mehmet Cemal Tollu ; yayına hazırlayan Servet Avşar
260 ## - YAYIN, DAĞITIM, VB
Yayın, Dağıtım, Vb Yeri İstanbul
Yayıncı, Dağıtıcı, Vs Adı Türkiye İş Bankası Kültür Yayınları
Yayın, Dağıtım, Vb Tarihi 2018
300 ## - FİZİKSEL TANIM
Kapsam 164 s.
Diğer Fiziksel Ayrıntıları fotğ.
Boyutlar 19 sm.
440 ## - SERİSİ TABLOSU / KATMA GİRİŞİ - BAŞLIK
Başlık Türkiye İş Bankası Kültür Yayınları
Hacim / Ardışık Tanımı Genel yayın : 4088
504 ## - KAYNAKÇA VB NOT
Kaynakça Vb Notu Kaynakça ve dizin var.
600 ## - KONU KATMA GİRİŞ - KURUMSAL ADI
Kişisel Ad Tollu, Mehmet Cemal
Bir Adıyla İlişkilendirilen Tarihler 1899-1968
Genel Alt Bölümü Anılar
650 ## - KONU KATMA GİRİŞ - TOPİKAL DÖNEM
Topikal Süreli Veya Coğrafi Ad Giriş Elemanı Güzel sanatlar
Genel Alt Bölümü Resim
700 ## - KATMA GİRİŞ - KİŞİSEL İSİM
Kişisel Ad Avşar, Servet
Relator Terim yay. haz.
942 ## - EKLENDİ GİRİŞ ELEMANLARI (KOHA)
Sınıflandırma Veya Raf Düzeni Kaynak
Koha Öğesi Türü Books
999 ## - SİSTEM KONTROL NUMARALARI (KOHA)
Koha Biblionumber 10506
Koha Biblioitemnumber 10506
Holdings
Kalıcı Konum Mevcut Konum Edinme Tarihi Edinim Kaynak Toplam Check-Out'Lar Tam Çağrı Numarası Barkod Tarih Son Görülme İtibaren Geçerli Fiyatlar Koha Öğesi Türü
CHP Kütüphanesi CHP Kütüphanesi 05/10/2018 Bağış   759.9561 T64t 2018 018147 05/10/2018 05/10/2018 Books